Space-Spending Countries Quiz Stats

 Plays Quiz Updated Jul 14, 2016

Also try: Moon Walkers
Challenge
Share
Tweet
Embed
Score 0/28 Timer 03:00
3 Plays Today
Rank Country % Correct
1.United States
99.8%
3.Russia
98.8%
2.China
98.3%
6.France
95.5%
11.United Kingdom
95.1%
7.Germany
94.4%
5.Japan
92.5%
4.India
89.4%
12.Spain
89.2%
10.Canada
88.4%
8.Italy
88%
13.Brazil
86.2%
17.Sweden
81.8%
20.Norway
79.1%
Rank Country % Correct
9.South Korea
75.9%
25.Finland
73.8%
22.Poland
71.8%
27.Portugal
68.9%
26.Denmark
68.5%
18.Netherlands
67.2%
16.Switzerland
65.5%
24.Austria
64.9%
14.Belgium
63.2%
23.South Africa
59.8%
19.Turkey
59.2%
28.Greece
58.5%
15.Indonesia
46.2%
21.Israel
43.9%

You're not logged in!

Compare scores with friends on all Sporcle quizzes.
Join for Free
OR
Log In

You Might Also Like...

Show Comments

Extras

Top Quizzes Today


Score Distribution

Your Account Isn't Verified!

In order to create a playlist on Sporcle, you need to verify the email address you used during registration. Go to your Sporcle Settings to finish the process.

Report this User

Report this user for behavior that violates our Community Guidelines.

Details: